|
|
|
|
| LEADER |
02574nkm a2200613 a 4500 |
| 001 |
mzk03001184744 |
| 003 |
CZ BrMZK |
| 005 |
20121120181821.0 |
| 007 |
kl|co| |
| 008 |
121114s1723 xr ||| f || l|lat|d |
| 040 |
|
|
|a BOA001
|b cze
|
| 072 |
|
7 |
|a 72
|x Architektura
|2 Konspekt
|9 21
|
| 072 |
|
7 |
|a 76
|x Grafické umění. Grafika
|2 Konspekt
|9 21
|
| 080 |
|
|
|a 514.181.2
|2 MRF
|
| 080 |
|
|
|a (0.026.6)76
|2 MRF
|
| 080 |
|
|
|a 741/744
|2 MRF
|
| 080 |
|
|
|a 726.591
|2 MRF
|
| 080 |
|
|
|a (437.322)
|2 MRF
|
| 080 |
|
|
|a 930.253
|2 MRF
|
| 100 |
1 |
|
|a Santini, Jan Blažej,
|d 1677-1723
|7 jn20000728589
|4 aut
|
| 245 |
1 |
0 |
|a Conceptus pro aetati
|h [grafika]
|
| 246 |
3 |
|
|a Půdorysný návrh umístění oltáře
|h [grafika]
|
| 246 |
3 |
|
|a Rajhrad, kostel sv. Petra a Pavla, půdorys hlavního oltáře
|h [grafika]
|
| 255 |
|
|
|a Měřítko 9,1 cm = 3
|
| 260 |
|
|
|a [S.l. :
|b Jan Blažej Santini,
|c 1723?]
|
| 300 |
|
|
|a 1 list :
|b kolorovaná kresba tuší ;
|c 21,8 x 29 cm
|
| 500 |
|
|
|a Pod půdorysem je šikmo umístěné měřítko
|
| 500 |
|
|
|a Kolorováno šedou barvou
|
| 500 |
|
|
|a Originální návrh Santiniho
|
| 500 |
|
|
|a Do segmentového výklenku závěru chóru a před jeho dvě okna v přízemí, je postaven prostorově řešený oltář, obsahující šest mohutných sloupů
|
| 500 |
|
|
|a Původně přeloženo na 1/4
|
| 500 |
|
|
|a Filigrán: GW
|
| 500 |
|
|
|a Filigrán: Pod mytrou orel
|
| 510 |
4 |
|
|a Horyna, M. Jan Blažej Santini-Aichel, 1998,
|c s. 448, P24
|
| 510 |
4 |
|
|a Švácha, R. Architectural drawings by Jan Santini - Aichel in Czech Collections, Umění 40, 1992,
|c s. 239, č. 23
|
| 510 |
4 |
|
|a Šmejkalová, J. Klášterní chrám v Rajhradě, Umění 32, 1984,
|c s. 397
|
| 561 |
|
|
|a Provenience: [m.p.] E6-Pn36
|
| 561 |
|
|
|a Provenience: [m.p.] Bb27
|
| 561 |
|
|
|a Provenience: [štítek] Moravský zemský archiv v Brně E6 Benediktýni Rajhrad
|
| 590 |
|
|
|a Potrhané okraje, papír je zmačkaný, poškozený v původních skladech
|
| 650 |
|
7 |
|a oltáře
|7 ph135202
|2 czenas
|
| 650 |
|
7 |
|a půdorysy
|7 ph514318
|2 czenas
|
| 650 |
|
7 |
|a kresba
|7 ph121940
|2 czenas
|
| 650 |
|
7 |
|a archivní fondy
|7 ph118590
|2 czenas
|
| 655 |
|
7 |
|a grafické listy
|7 fd132404
|2 czenas
|
| 651 |
|
7 |
|a Rajhrad (Česko)
|7 ge130609
|2 czenas
|
| 856 |
4 |
1 |
|u http://www.digitalniknihovna.cz/mzk/uuid/uuid:ffc6f1ca-0009-4f56-96bd-8818dd467334
|y Digitalizovaný dokument
|
| 903 |
|
|
|a RP
|
| 910 |
|
|
|e BOE950
|c R - A - P. n. 36
|
| 985 |
|
|
|a 1701-1750
|
| 990 |
|
|
|a GP
|
| 996 |
|
|
|e BOE950
|c R - A - P. n. 36
|
| 980 |
|
|
|c 285329
|g R-A-P.n.36
|1 3281A0285329
|p 4585
|
| 991 |
|
|
|k rajhrad
|